Henry David Thoreau
Kaydedildi:
| Yazar: | |
|---|---|
| Materyal Türü: | Kitap |
| Dil: | Undetermined |
| Baskı/Yayın Bilgisi: |
San José, Costa Rica
Ministerio de Cultura, Juventud y Deportes
1975
|
| Konular: | |
| Etiketler: |
Etiketle
Etiket eklenmemiş, İlk siz ekleyin!
|
MARC
| LEADER | 00000nam a2200000Ia 4500 | ||
|---|---|---|---|
| 008 | 170316s9999 xx 000 0 und d | ||
| 040 | |a cru BVZT | ||
| 090 | |a 810 G-24h | ||
| 100 | |a Guier, Jorge Enrique | ||
| 245 | |a Henry David Thoreau | ||
| 260 | |a San José, Costa Rica | ||
| 260 | |b Ministerio de Cultura, Juventud y Deportes | ||
| 260 | |c 1975 | ||
| 300 | |a 266 páginas | ||
| 650 | |a LITERATURA ESTADOUNIDENSE | ||
| 999 | |c 5674 |d 5674 | ||
| 942 | |c 15 D |h 810 G-24h |2 z | ||
